• 首页
  • 本馆介绍
  • 公告通知
  • 最新文献
  • 馆藏检索
  • 电子资源
  • 读者导购
  • 参考咨询
  • 我的图书馆
  • 登录
  • 详细信息显示
  • 放入我的书架
  • 预约/预借图书
  • 作者相关作品
  • 分类相关作品
  • 丛书相关作品
  • 出版社相关作品

书目信息

  • 表格格式
  • 工作单格式
  • 卡片格式
题名:
国际区域合作的经济学分析
    
 
作者: 保建云 著
分册:  
出版信息: 北京   中国经济出版社  2008
页数: 16,251页
开本: 24cm
丛书名:
单 册:
中图分类: F114.46
科图分类:
主题词: 地区经济--经济合作--研究--世界 , 地区经济 , 经济合作
电子资源:
ISBN: 978-7-5017-8388-5
000 01186nam0 2200265 45
001 1032954500
005 20100408155752.56
010    @a978-7-5017-8388-5@dCNY40.00
100    @a20100330d2008 em y0chiy50 ea
101 0  @achi@deng@eeng
102    @aCN@b110000
105    @ay z 000yy
106    @ar
200 1  @a国际区域合作的经济学分析@AGuo Ji Qu Yu He Zuo De Jing Ji Xue Fen Xi@e理论模型与经验证据@ELi Lun Mo Xing Yu Jing Yan Zheng Ju@dAn economic analysis on international regional cooperation:models and evidence@f保建云著@FBao Jian Yun Zhu@zeng
210    @a北京@c中国经济出版社@d2008
215    @a16,251页@d24cm
330    @a本书以经济全球化与区域一体化发展为背景,以相关文献为基础构建理论模型,以主权国家间的区域经济合作特别是中国与亚洲转型国家之间的区域经济合作为验证证据,从经济学角度分析国际区域合作形成与演变的基本特征与规律。
510 1  @aEconomic analysis on international regional cooperation@emodels and evidence@zeng
606 0  @a地区经济@x经济合作@x研究@y世界
606 0  @a地区经济
606 0  @a经济合作
690    @aF114.46@v4
701  0 @a保建云@ABao Jian Yun@f(1970~)@4著
801  0 @aCN@bTANGWEI@c20100408
905    @b0586638-42@dF114.46@e144@f5
    
    国际区域合作的经济学分析:理论模型与经验证据=An economic analysis on international regional cooperation:models and evidence/保建云著.-北京:中国经济出版社,2008
    16,251页;24cm
    
    
    ISBN 978-7-5017-8388-5:CNY40.00
    本书以经济全球化与区域一体化发展为背景,以相关文献为基础构建理论模型,以主权国家间的区域经济合作特别是中国与亚洲转型国家之间的区域经济合作为验证证据,从经济学角度分析国际区域合作形成与演变的基本特征与规律。
●
相关链接 在E读中查询图书 在五车中查询图书 在当当中查询图书 在豆瓣中查询图书


正题名:国际区域合作的经济学分析     索取号:F114.46/144         预约/预借

序号 登录号 条形码 馆藏地/架位号 状态 备注
1 0586638   205866384   第一样本阅览室/ [索取号:F114.46/144] 在馆    
2 0586639   205866393   第一借阅区/ [索取号:F114.46/144] 在馆    
3 0586640   205866400   第一借阅区/ [索取号:F114.46/144] 在馆    
4 0586641   205866419   第一借阅区/ [索取号:F114.46/144] 在馆    
5 0586642   205866428   第一借阅区/ [索取号:F114.46/144] 在馆    
唐山师范学院图书馆 欢迎您!
大连网信软件有限公司© 版权所有